| Поле | Инд. | ПП | Название | Значение |
|---|---|---|---|---|
| Тип записи | a | |||
| Библиографический уровень | b | |||
| 001 | Контрольный номер | RU/IS/BASE/267791047 | ||
| 005 | Дата корректировки | 20200630193238.9 | ||
| 008 | Кодируемые данные | 20080626 | ||
| 040 | b | Код языка каталог. | rus | |
| e | Правила каталог. | PSBO | ||
| 041 | 0_ | a | Код языка текста | rus |
| 084 | a | Индекс другой классификации/Индекс ББК | 83.011.8; 83.3(0)321 | |
| 100 | 1_ | a | Автор | Файер В. В. |
| 245 | 10 | a | Заглавие | К вопросу о колометрии гомеровского гекзаметра |
| 504 | a | Библиография | Библиогр. - Примеч.: с. 146 - 147 | |
| 600 | 14 | a | Персоналии | Френкель Германн |
| 650 | 04 | a | Основная рубрика | история литературы |
| a | Основная рубрика | литературоведение | ||
| a | Основная рубрика | теория литературы | ||
| a | Основная рубрика | филологические науки | ||
| a | Основная рубрика | поэтика | ||
| 653 | 1_ | a | Ключевые слова | античная литература |
| a | Ключевые слова | гекзаметр | ||
| a | Ключевые слова | Древняя Греция | ||
| a | Ключевые слова | литературоведческие исследования | ||
| a | Ключевые слова | метрика стиха | ||
| a | Ключевые слова | поэзия | ||
| a | Ключевые слова | теория стихосложения | ||
| a | Ключевые слова | цезура | ||
| a | Ключевые слова | эпос | ||
| 773 | 08 | t | Заглавие источника | Вестник Московского университета. Серия 9, Филология |
| d | Дата издания источника | 2007 | ||
| g | Прочая информация | № 5. - С. 140 - 147 : табл. | ||
| w | Контрольный № источника | RU/IS/BASE/261756274 | ||
| 901 | t | Тип документа | b |